000 00581nam a22001817a 4500
005 20250219121120.0
010 _aENG-143879
020 _c65.00
_a9789352102747
035 _aEN-127411
037 _bDBAD
082 _a181.499
_211
100 _aAutobindo Sri
_978037
245 _aBases of Yoga
_cBy Sri Autobindo
_bBases of Yoga
_hEnglish
260 _aPondicherry
_bSri Aurobindo Ashram Publication Department
_c2023
270 _bPondicherry
_aSri Aurobindo Ashram Trust
_e605002
300 _a114 pp
_c18cm(pbk)
942 _2ddc
_cEN
_h181.499
_mAUT
_e11
999 _c209386
_d209386